| 000 | 01378cam a22003617a 4500 | ||
|---|---|---|---|
| 001 | 16344307 | ||
| 005 | 20110119111703.0 | ||
| 008 | 100722s2010 nyua 001 0 eng d | ||
| 010 | _a2010281192 | ||
| 015 |
_aGBB042108 _2bnb |
||
| 016 | 7 |
_a015515299 _2Uk |
|
| 020 | _a0071609148 (pbk.) | ||
| 020 | _a9780071609142 (pbk.) | ||
| 035 | _a(OCoLC)ocn573152318 | ||
| 040 |
_aUKM _beng _cUKM _dQBX _dBTCTA _dYDXCP _dORX _dDLC |
||
| 042 | _alccopycat | ||
| 050 | 0 | 0 |
_aRG951 _b.J66 2010 |
| 082 | 0 | 4 |
_a618.20231 _222 _bJOH |
| 100 | 1 |
_aJohnson, Joyce Young. _924007 |
|
| 245 | 1 | 0 |
_aMaternal-Newborn Nursing Demystified / _cJoyce Y. Johnson. |
| 260 |
_aNew York : _bMcGraw-Hill Medical, 2010 _cc2010. |
||
| 300 |
_axxii, 312 p. : _bill. (chiefly col.) ; _c24 cm. |
||
| 490 | 1 |
_aDemystified _924008 |
|
| 500 | _aIncludes index. | ||
| 500 | _a"A self-teaching guide"--Cover. | ||
| 541 | _aDr. Shahrazad ; | ||
| 650 | 0 |
_aMaternity nursing. _924009 |
|
| 653 |
_bNUR _cMay2011 |
||
| 830 | 0 |
_aMcGraw-Hill "Demystified" series. _924010 |
|
| 942 |
_2ddc _cNRB |
||
| 999 |
_c15353 _d15353 |
||